Responses for Show #8983 - Wednesday, November 29, 2023

2023 Champions Wildcard Hearts quarterfinal game 1.

Contestants

[<< previous game]

Henry Baer, a software engineer from San Francisco, California

Nell Klugman, a museum educator from Brooklyn, New York

Rhone Talsma, a product support specialist from Chicago, Illinois

[next game >>]

Jeopardy! Round responses

HERE COMES THE NEIGHBORHOOD
DISCOGRAPHIES
A, B OR C
LUCK OF THE DRAW
READING RAINBOW
A CONTRADICTION IN TERMS
    $200 13
Philadelphia

Nell
    $200 23
Foo Fighters

Nell
    $200 25
B

Nell
    $200 28
(Rhone: What is stop-motion?)
...
(Ken: You're not gonna like when you hear this--what is [*]?)
(Nell: Don't like it.)

animation

Rhone
Triple Stumper
    $200 30
Violets Are Blue

Rhone
    $200 29
the Great Depression

Nell
    $400 14
Havana

Rhone
    $400 1
(Ken: You have annoyed [*] fans everywhere.)

Led Zeppelin

Triple Stumper
    $400 24
C

Rhone
    $400 27
graffiti

Rhone
    $400 22
The Red Badge of Courage

Rhone
    $400 26
bittersweet

Henry
    $600 15
Capitol Hill

Rhone
    $600 2
Sam Smith

Rhone
    $600 7
C

Henry
    $600 21
freehand

Nell
    $600 12
Anne of Green Gables

Rhone
    $600 20
friendly fire

Henry
    $800 16
Minneapolis

Henry
    $800 3
(Ken: The Divine Miss M, yes.)

Bette Midler

Rhone
    $800 5
vitamin A

Rhone
    $800 8
a silhouette

Henry
    $3,400 10
(Henry: No idea--what is Treasure Island?)

the Island of the Blue Dolphins

Henry
    $800 19
open secret

Rhone
    $1000 17
Catfish Row

Triple Stumper
    $1000 4
Pharrell Williams

Henry
    $1000 6
(Ken: For carat, right.)

C

Rhone
    $1000 9
a caricature

Henry
    $1000 11
The Red and the Black

Nell
    $1000 18
BASIC

Rhone

Scores at the first commercial break (after clue 15):

Rhone Nell Henry
$4,800 $1,200 $0

Scores at the end of the Jeopardy! Round:

Rhone Nell Henry
$7,800 $2,400 $1,800

Double Jeopardy! Round responses

MAKING WAVES
FAREWELL TO THE CHIEF
METRICKY PROBLEMS
BARRE TENDERS
BEN FRANKLIN'S DRINKER'S DICTIONARY
LET'S HAVE A "BALL"
    $400 14
(Keanu) Reeves

Rhone
    $400 26
George Washington

Nell
    $400 30
a ton

Rhone
    $400 29
(Rhone: And bring it.)

Baryshnikov

Rhone
    $400 27
bees

Rhone
    $400 28
a ballroom

Rhone
    $800 15
a wipeout

Henry
    $800 13
Thomas Jefferson (or John Adams)

Rhone
    $800 22
a 10-gallon hat

Henry
    $800 6
Misty Copeland

Nell
    $800 18
(Nell: Who is Goliath?)

Samson

RhoneNell
    $800 5
mothball

Nell
    $1200 19
(Rhone: What's the... blue room?)
...
(Ken: It's a waiting area you folks might have been in this morning, [*].)

the green room

Rhone
Triple Stumper
    $1200 12
Truman

Henry
    $1200 3
a gram

Rhone
    $1200 7
Rudolf Nureyev

Triple Stumper
    $1200 4
(Rhone: Oh, uh... what are quarterbacks?)
(Ken: No, sorry... That classic expression, "He sees quarterbacks.")
...
(Ken: He sees [*]; that's a term for a drunk person, I guess. Blame it on Ben Franklin.)

bears

Rhone
Triple Stumper
    $5,600 10
blackball

Nell
    $1600 20
(Rhone: Um... what's flow surfing?)

flowboarding

RhoneHenry
    $1,800 1
[Ken gives no wagering prompt]
(Henry: Yeah, let's bet it all again.)

Harding

Henry
    $1600 2
a cubic meter

Triple Stumper
    $1600 25
Nijinsky

Triple Stumper
    $1600 8
Concord

Nell
    $1600 17
a Magic 8 Ball

Nell
    $2000 24
Kelly Slater

Rhone
    $2000 11
Ulysses S. Grant

Triple Stumper
    $2000 21
a hectare

Rhone
    $2000 23
Anna Pavlova

Triple Stumper
    $2000 9
(Rhone: What's a stein?)

rudder

Rhone
Triple Stumper
    $2000 16
a puffball

Triple Stumper

Scores at the end of the Double Jeopardy! Round:

Rhone Nell Henry
$10,600 $12,400 $8,000

[wagering suggestions for these scores]

Final Jeopardy! Round responses

A BIT OF BRITAIN
(Ken: [To Nell] You're close; there is stone involved here. This guy paid £6,600 and bought his wife [*].)
HenryWhat is the Stone of Scone???
$2,601
RhoneWhat is the Magna Carta?
$5,401
NellWhat is the Stone of Scone?
$8,801
Stonehenge

Final scores:

Rhone Nell Henry
$5,199 $3,599 $5,399
2nd place: $5,000 3rd place: $5,000 Winner: semifinalist

Game dynamics:

Coryat scores:

Rhone Nell Henry
$10,600 $8,000 $11,200
23 R,
5 W
12 R
(including 1 DD),
1 W
12 R
(including 1 DD),
1 W
(including 1 DD)

Combined Coryat: $29,800

[game clues] [game scores] [suggest correction]

Game tape date: 2023-11-06
The J! Archive is created by fans, for fans. Scraping, republication, monetization, and malicious use prohibited; this site may use cookies and collect identifying information. See terms. The Jeopardy! game show and all elements thereof, including but not limited to copyright and trademark thereto, are the property of Jeopardy Productions, Inc. and are protected under law. This website is not affiliated with, sponsored by, or operated by Jeopardy Productions, Inc. Join the discussion at JBoard.tv.